00491nam a2200181 a 450000100060000000300090000600800410001502000150005604000280007108200160009910000200011524500350013526000480017030000100021865000200022865000310024865000300027910736CO-ViMGA141112s2004 ck r 000 u spa d a9509546224 aCO-ViMGAbspacCO-ViMGA04a826.8 I69cl1 aJoyce ; James, 10aCartas de Amor a Nora Barnacle aBuenos Aires : bEditorial Leviatan, c1992 a125p.14aCARTAS INGLESAS14aCORRESPONDENCIA Y MEMORIAS14aJOYCE JAMES - 1882 - 1941